SONGS THAT GOT MISUNDERSTOOD - Statistics

General Stats
  • This quiz has been taken 20 times
    18 since last reset
  • The average score is 4 of 15
Answer Stats
Hint Answer % Correct
It’s widely known now, but this song is about an event in school. The comments tell you that Pumped Up Kicks
78%
This song was MASSIVE in 2012, but it’s mocking rich people. However, people think of it as the funny Korean song with the horse Gangnam Style
61%
This song is anti-American with its ideals, but it’s always played in forth of July parades. Born in the USA
39%
This song is about a stalker following someone around, but it’s played during weddings. Many fit, but this was made in the 80’s. Every Breath You Take
33%
This song is about a woman who cheats on her husband, but it’s known as a cornerstone of the 90’s and has its own dance. Macarena
33%
This song is about how you can’t get rid of bad relationships, even if you aren’t happy there. This song has a upbeat instrumental, so people just dance to the song obliviously. Hey Ya
22%
This song was against the singer’s label, since they told her to make a love song. The singer made this because of their demands Love Song
22%
This song was played for people to drink for, however its message is anti-beer Swimming Pools
22%
This song is supposed to calm down a woman, but some people think that it’s saying “without a girlfriend, I’m happy” No Woman, No Cry
17%
This song is supposed to be anti-American, since it satirizes America for stealing Native Americans’ land, but it’s basically America’s national anthem. This Land Is Your Land
17%
This song is also played in weddings, but it’s so overtly anti-wedding that it’s hilarious. White Wedding
11%
This song won a NICKELODEON KIDS CHOICE AWARD, which is laughable because the song is about comparing a girl to an addiction. Great job, Spongebob I Can’t Feel My Face
6%
Made by the same guy who made the song from Toy Story, this song is anti-racism, but since it uses slurs as a joke, rednecks from the South would sing along with the song Rednecks
6%
This song is AGAINST the foundation, but the very thing it satirizes uses the song for their ads Feel Good Inc.
0%
This song is about a nuclear bomb and the fear of it during the Cold War, but it’s used in Tiktok vids Forever Young
0%
No matching quizzes found
Score Distribution
Percent of People with Each Score
Percentile by Number Answered
Your Score History
You have not taken this quiz since the last reset